[Event "ESP-ch U18"]
[Site "Salobrena"]
[Date "2019.07.22"]
[Round "1"]
[White "Ortin Blanco, Inigo"]
[Black "Garcia Oviedo, Alejandro"]
[Result "1-0"]
[WhiteElo "2285"]
[BlackElo "1866"]
[PlyCount "105"]
[EventDate "2019.07.22"]
[EventType "swiss"]
[EventRounds "9"]
[EventCountry "ESP"]
[SourceTitle "CBM 191 Extra"]
[Source "ChessBase"]
[SourceDate "2019.09.30"]
[SourceVersion "1"]
[SourceVersionDate "2019.09.30"]
[SourceQuality "1"]

1. d4 d5 2. c4 dxc4 3. Nf3 Nf6 4. e3 e6 5. Bxc4 a6 6. a4 c5 7. 0-0 Nc6 8. Nc3 Be7 9. dxc5 Qc7 10. Qe2 Bxc5 11. Rd1 0-0 12. Bd2 Bd7 13. Na2 Ne5 14. Nxe5 Qxe5 15. Bc3 Qc7 16. b4 Be7 17. b5 axb5 18. axb5 Rfc8 19. Bxf6 Bxf6 20. Rac1 Qd8 21. Nc3 Bxc3 22. Rxc3 Qf6 23. Rcd3 Be8 24. Rd4 g6 25. h3 Qe5 26. Qf3 Bxb5 27. Bxb5 Qxb5 28. Rd7 Qf5 29. Qxb7 Rab8 30. Qa7 Ra8 31. Qd4 Qg5 32. h4 Qf5 33. Qb2 Rab8 34. Qd4 h5 35. e4 Qf4 36. g3 Qf3 37. Qe5 Rf8 38. R7d3 Qe2 39. R3d2 Qf3 40. Qd4 Qa3 41. Qf6 Qa4 42. Rd4 Qc2 43. Kg2 Rb3 44. R1d2 Qc6 45. Kh2 Rbb8 46. R2d3 Qc2 47. Rd7 Qb2 48. e5 Qb5 49. g4 hxg4 50. Kg3 Rbc8 51. h5 Rc3 52. Rxc3 Qxd7 53. h6 1-0

[Event "Xativa Murta op 4th"]
[Site "Xativa"]
[Date "2018.07.17"]
[Round "2"]
[White "Montalban Galvez, Antonio"]
[Black "Garcia Oviedo, Alejandro"]
[Result "1-0"]
[WhiteElo "2175"]
[BlackElo "1831"]
[PlyCount "77"]
[EventDate "2018.07.16"]
[EventType "swiss"]
[EventRounds "7"]
[EventCountry "ESP"]
[SourceTitle "CBM 185 Extra"]
[Source "ChessBase"]
[SourceDate "2018.07.29"]
[SourceVersion "1"]
[SourceVersionDate "2018.07.29"]
[SourceQuality "1"]

1. d4 d5 2. c4 c6 3. Nf3 e6 4. Qc2 Bd6 5. g3 f5 6. Bg2 Nf6 7. 0-0 0-0 8. Nc3 Bd7 9. c5 Bc7 10. Bf4 h6 11. Bxc7 Qxc7 12. Ne5 Be8 13. f4 Na6 14. a3 Qe7 15. e3 Nd7 16. b4 Nxe5 17. fxe5 Nc7 18. a4 g5 19. Rf2 Qh7 20. Bf1 a6 21. Bd3 h5 22. h4 Qh6 23. Qe2 Kh8 24. hxg5 Qxg5 25. Rh2 Qxg3+ 26. Kh1 Qg4 27. Qf2 Rg8 28. Ne2 Qg5 29. Rg1 Qh6 30. Rxg8+ Kxg8 31. Nf4 Rd8 32. Be2 Rd7 33. Bxh5 Bxh5 34. Nxh5 Rf7 35. Nf6+ Rxf6 36. exf6 Qxf6 37. Qg3+ Qg7 38. Qd6 Qf7 39. Rg2+ 1-0

[Event "Mislata op 24th C"]
[Site "Mislata"]
[Date "2016.08.09"]
[Round "3.1"]
[White "De Pablos Fernandez, Mariano"]
[Black "Garcia Oviedo, Alejandro"]
[Result "1-0"]
[WhiteElo "1897"]
[BlackElo "1742"]
[PlyCount "116"]
[EventDate "2016.08.08"]
[EventType "swiss"]
[EventRounds "9"]
[EventCountry "ESP"]
[SourceTitle "EXT 2024"]
[Source "ChessBase"]
[SourceDate "2023.10.10"]
[SourceVersion "1"]
[SourceVersionDate "2023.10.10"]
[SourceQuality "1"]

1. d4 Nf6 2. Nf3 g6 3. g3 Bg7 4. Bg2 d6 5. 0-0 0-0 6. c4 c5 7. dxc5 dxc5 8. Qxd8 Rxd8 9. Nc3 Nc6 10. Be3 Nd4 11. Rad1 Ne8 12. Bg5 f6 13. Bc1 Nc7 14. e3 Nc6 15. Rxd8+ Nxd8 16. b3 Bd7 17. Rd1 Bc6 18. Nd5 Bxd5 19. cxd5 Nf7 20. Nd2 Nd6 21. Nc4 f5 22. Nxd6 exd6 23. Ba3 Nb5 24. Bc1 Re8 25. Rd2 Kf7 26. a4 Nc3 27. Bb2 Ne4 28. Bxe4 Rxe4 29. Bxg7 Kxg7 30. Rc2 Kf6 31. Rd2 Rb4 32. Rd3 Ke5 33. f3 a5 34. Kf2 g5 35. h3 g4 36. hxg4 fxg4 37. f4+ Kf5 38. Ke2 h5 39. Kf2 c4 40. bxc4 Rb2+ 41. Ke1 Ke4 42. Rd2 Rb4 43. c5 Kf3 44. cxd6 Rb6 45. d7 Rd6 46. f5 Kxg3 47. e4 Rxd7 48. e5 Rf7 49. f6 h4 50. e6 Rc7 51. e7 Rc1+ 52. Ke2 h3 53. e8Q h2 54. Qe3+ Kh4 55. Qh6+ Kg3 56. Rd3+ Kg2 57. Qxc1 h1Q 58. Qxh1+ Kxh1 1-0